000 01012nam0a2200301 4500
001 RU\NLR\BIBL_A\011730768
005 20180703141514.0
010 _a978-5-389-04717-4
_910 000
021 _aRU
_bКН-П-18-031499
_9КН-П-18-2290
035 _a(NLR Aleph) 011730768
035 _a(RuMoRGB)009617965
090 _a11526150
_c11526150
100 _a20180613d2018 e y0rusy50 ca
101 1 _arus
_ceng
102 _aRU
105 _ay z ya
200 1 _aДевушка, которую ты покинул
_e[роман]
_fДжоджо Мойес
_g[перевод с английского Ольги Александровой]
210 _aМосква
_cИностранка
_d2018
215 _a540, [2] с.
_d19
333 _a16+
686 _aШ5(4Вл)64-644
_2rubbk
686 1 _aШ6(4Вл)67-440.4{Лх1299-50}
700 1 _aМойес
_bД.
_f1969-
_gДжоджо
942 _cBOOK
980 _aNBR
980 _aNB